Anotaciones sobre historia ambiental, ecología política y agroecología en una perspectiva latinoamericana /
El artículo porpone una aproximación a la agroecología desde la historia ambiental y la ecología política. Tomando como referencia constitutiva la historia latinoamericana, la agroecología se fundamenta en el carácter híbrido de nuestras culturas, y comparte los desafíos políticos del ambientalismo...
Αποθηκεύτηκε σε:
| Κύριος συγγραφέας: | |
|---|---|
| Μορφή: | Κείμενο |
| Θέματα: | |
| Ετικέτες: |
Προσθήκη ετικέτας
Δεν υπάρχουν, Καταχωρήστε ετικέτα πρώτοι!
|
MARC
| LEADER | 00000 a a2200000 04500 | ||
|---|---|---|---|
| 001 | 10732 | ||
| 003 | |||
| 040 | |||
| 100 | |a Alimonda, Héctor | ||
| 245 | |a Anotaciones sobre historia ambiental, ecología política y agroecología en una perspectiva latinoamericana / |c Héctor Alimonda | ||
| 520 | |a El artículo porpone una aproximación a la agroecología desde la historia ambiental y la ecología política. Tomando como referencia constitutiva la historia latinoamericana, la agroecología se fundamenta en el carácter híbrido de nuestras culturas, y comparte los desafíos políticos del ambientalismo y de los movimientos sociales rurales. A la vez puede servirse del nuevo tipo de protagonismo que en los últimos tiempos han asumido los sujetos políticos de base, ligados al mundo rural y a las culturas campesinas | ||
| 650 | |a HISTORIA | ||
| 650 | |a MEDIO AMBIENTE | ||
| 650 | |a IDENTIDAD CULTURAL | ||
| 650 | |a POBLACION INDIGENA | ||
| 650 | |a ECOLOGIA | ||
| 650 | |a PRODUCCION AGROPECUARIA | ||
| 650 | |a POBLACION RURAL | ||
| 773 | |g número 189; páginas 31-44 | ||
| 999 | |c 33208 |d 33208 | ||
